[Event "HCL-B173"]
[Site "www.playchess.de"]
[Date "2001.03.15"]
[Round "6"]
[White "chrisg"]
[Black "FEMW"]
[WhiteElo "1601"]
[BlackElo "1500"]
[PlyCount "54"]
[Result "0-1"]

1.e4 {good luck!}  e5 {I hope we shall have a good 
game!}  2.f4 {i hope the same!}  d5 {I also 
planned to play Kingsgambit in my other game.}  
3.exd5 {so we will see, who has the better ideas! 
Do you come from sweden?}  e4 {I´m living in Lund, 
Sweden. Where do you live?}  4.d3 {I'm living in 
Frankfurt/Main, Germany! Do you know?}  Nf6 {Y}  
5.dxe4 {I was in Stockholm som years ago (i 
believe in 1993)!}  Nxe4 6.Nf3 Bf5 7.Be3 {:-)}  
Be7 8.Bc4 Bh4+ 9.Kf1 O-O 10.Nbd2 Bf6 11.c3 c6 
12.Nxe4 Bxe4 13.d6 Re8 14.Kf2 b5 15.Bb3 a5 16.a4 
Nd7 17.axb5 Qb8 18.bxc6 Bxc6 19.Ra2 Ra6 20.Bc4 
Bxf3 21.Kxf3 Rxd6 22.Bd4 Qb7+ 23.Kf2 Qe4 24.Qc1 
Bxd4+ 25.cxd4 {I played a terrible game when I'm 
thinking about my move 20.Bc4 :-((}  Qxd4+ {Yes, 
until that moment you had a better position, I 
think.}  26.Kg3 {Yes, indeed, but my fingers were 
too fast! :-)}  Re3+ 27.Kf2 {i will resign this 
game next move! Congratulations! Hope to meet you 
again!}  Rc3+ {Thank you! Be careful with your 
fast fingers next time. Auf wiedersehn!} 
 0-1

[Event "ACL-A090"]
[Site "www.playchess.de"]
[Date "2001.03.15"]
[Round "7"]
[White "juppsie"]
[Black "peze2"]
[WhiteElo "1500"]
[BlackElo "2014"]
[PlyCount "40"]
[Result "0-1"]

1.e4 {i wish you gg and gl}  e5 {Danke und 
ebenfalls viel Glück!}  2.Nf3 Nf6 3.d4 Nxe4 4.Bd3 
d5 5.Nxe5 Nd7 6.Nd2 Nxe5 7.dxe5 Nc5 8.Nb3 Nxd3+ 
9.Qxd3 c5 10.Qe2 Be7 11.Bf4 Qb6 12.O-O-O d4 13.h4 
O-O 14.Bg5 Re8 15.Bxe7 Rxe7 16.h5 h6 17.Rhg1 a5 
18.a3 Be6 19.Nd2 Rd8 20.f4 c4 0-1

[Event "HCL-A078"]
[Site "www.playchess.de"]
[Date "2001.03.15"]
[Round "5"]
[White "eastman"]
[Black "EKALAYA"]
[WhiteElo "1700"]
[BlackElo "1916"]
[PlyCount "68"]
[Result "0-1"]

1.b3 {Let's play. Nice to have a game!}  e5 {Hmmm 
... this looks like a great game !}  2.Bb2 {I 
think so too and hopfully with the better end for 
me. ;)))}  Nc6 {"Better end" means a draw .. ? :)} 
 3.e3 {Let's see. Normally no problem.}  d6 4.Nf3 
Nf6 5.Be2 g6 6.O-O Bg7 7.c4 Bf5 8.d4 O-O 9.d5 Nb4 
10.a3 Nc2 11.Ra2 {I can't understand your turn. 
But you can show me!}  Ng4 {You are asking for 
trouble, my friend !}  12.Bc1 {The life is 
trouble! I love the life! ;P}  e4 {Well done - you 
managed to find the one move that I did not 
consider :(}  13.Ne1 {That is my game. First think 
and than play.}  Nxe1 {Allright Mr Thinker - let's 
see if you can win material here .. !}  14.Rxe1 
{If I win material here the game is over. Why 
should I? It's nice to play with you... ;)}  Qh4 
{Thank u .. n to show my appreciation, my Queen 
gets closer to u .. :)}  15.Bxg4 {Yes but...}  
Bxg4 {Oh dear .. don't you like my nice and polite 
knight .. ?}  16.f3 {I hate your bishop too. Go 
away!!!}  exf3 {My bishop is a harmless, innocent 
chap. Please let it stick around ..}  17.gxf3 {Why 
should I do this? Give me a reason!}  Bxf3 
{Allright, allright .. if you hate my bishop so 
much you can have it .. !!!}  18.Qd2 {I don't 
think that this would be a good idea. I would 
better play your side too. ;)}  Rae8 {Soo .. does 
it look to you that I have won some material after 
all .. ? ;)}  19.Qf2 {Yes. The trouble troubled 
over me and now I look like a crazy troubled man. 
;P}  Qh5 {Never mind .. I notice you are winning 
your game against teenspirit}  20.Nd2 {yes 15.bxb5 
was bad.But it's only a game.I liked to play with 
him.With you too.Lovely trashtalk.}  Bg4 21.Nf1 
{...}  Bh3 {Not so fast, amigo, you have to suffer 
lots of pain now !! ;)}  22.Ng3 {Show me what you 
can! ;))}  Qg4 23.Rae2 {I feel the pain, I love 
the pain...}  h5 24.Kh1 h4 {Oh yeah, baby, r u 
feeling the pain now .. ?}  25.Nf1 
{...yeah!...yeah!...more, more!...don't stop!...}  
Qh5 {Oooohh ... your king looks so goood naked 
like that !}  26.Ra2 {Yes I feel! Without any 
clothes it's so cold outside... I feel the shame, 
I feel the blame...}  Re5 {No need for shame; it 
would feel more pleasurable once this rook gets 
inside you .. ;)}  27.Nd2 {what you think from me? 
I never let anybody get inside me! I'm a virgin 
and will be too, after this.}  Rf5 {ha ha .. then 
you are missing some of the good things that life 
has to offer ..}  28.Qe2 {No, no! There are other 
higpoints in my career. You would be surprised...} 
 Bg4 {Oh .. tell me, tell me ..}  29.Qg2 {Why 
should I? I don't know who you are and should tell 
you my privatest secrets?}  h3 {"career 
highlights" .. why should that be private ? but 
never mind - enjoy your current pain .. ;)}  
30.Qe4 {I smell the thrill...paaaaaaaaaaiiiiiiin!} 
 Bc3 {You know, amigo, I almost feel sorry for you 
..}  31.Bb2 {OK! I wan't to see a good final of an 
interesting game!!!}  Bxd2 {I'm afraid the ending 
will be very simple, straight forward huge 
material gain rather than a mate !}  32.Qd4 {If it 
must end, it should look nice! ;)))}  Bf3+ {True 
.. victory always looks nice ;)}  33.Kg1 {Yes it's 
right! An end for the gallery... ;)}  Qg5+ {Is 
this the "nice finish" you'd like .. ? :-) BTW may 
I ask how old are you ?}  34.Kf1 {I'm 24. Why? And 
you? Bye. Bye. ++}  Qg2+ {I'm 34 and sorry for 
having to mate you .. but it's been v. enjoyable 
chatting to you.}  0-1

[Event "HCL-E028"]
[Site "www.playchess.de"]
[Date "2001.03.15"]
[Round "5"]
[White "NOHAU"]
[Black "FD515"]
[WhiteElo "2270"]
[BlackElo "2050"]
[PlyCount "76"]
[Result "1/2-1/2"]

1.e4 e5 2.Nf3 Nc6 3.Bb5 Nf6 4.O-O Nxe4 5.d4 Be7 
6.Qe2 Nd6 7.Bxc6 bxc6 8.dxe5 Nb7 9.c4 O-O 10.Nc3 
f6 11.Be3 fxe5 12.Nxe5 Bf6 13.f4 Qe8 14.Qd2 d6 
15.Nf3 Bf5 16.Bd4 Qd7 17.Rae1 Bxd4+ 18.Nxd4 Nc5 
19.Re3 Rae8 20.Rfe1 Rxe3 21.Rxe3 a5 22.Qe1 Bd3 
23.f5 Bxf5 24.Re7 Qc8 25.Qg3 Bg6 26.h4 Rf7 27.Nxc6 
Qf8 28.Rxf7 Bxf7 29.Nxa5 Qa8 30.b4 Ne4 31.Qf3 Qa7+ 
32.Kh2 Nxc3 33.Qxc3 Qf2 34.Qh3 h6 35.Qg4 Qxa2 
36.Qc8+ Kh7 37.Qxc7 Qf2 38.Qe7 
Qf4+ 1/2-1/2

[Event "HCL-E024"]
[Site "www.playchess.de"]
[Date "2001.03.15"]
[Round "12"]
[White "NOHAU"]
[Black "Aetos"]
[WhiteElo "2270"]
[BlackElo "2000"]
[PlyCount "33"]
[Result "1-0"]

1.e4 c6 2.d4 d5 3.e5 Bf5 4.Nf3 e6 5.Be2 Nd7 6.O-O 
c5 7.c4 cxd4 8.cxd5 exd5 9.Nxd4 Bxb1 10.Rxb1 Nxe5 
11.Bb5+ Nd7 12.Re1+ Be7 13.Nf5 g6 14.Nxe7 Nxe7 
15.Bg5 Qa5 16.Rxe7+ Kf8 17.Qxd5 1-0

[Event "ACL-A097"]
[Site "www.playchess.de"]
[Date "2001.03.15"]
[Round "17"]
[White "esad"]
[Black "wael"]
[WhiteElo "1500"]
[BlackElo "1500"]
[PlyCount "40"]
[Result "0-1"]

1.e4 c5 2.c3 d5 3.d4 dxe4 4.dxc5 Qxd1+ 5.Kxd1 e5 
6.Be3 f5 7.Bb5+ Bd7 8.Bc4 f4 9.Bc1 Bxc5 10.f3 Nf6 
11.fxe4 Nxe4 12.b4 Bb6 13.Bd5 Nf2+ 14.Ke2 Bc6 
15.Bxc6+ Nxc6 16.Bb2 Nxh1 17.b5 Ne7 18.c4 Nf2 
19.Ba3 Ne4 20.Nc3 Nxc3+ 0-1

[Event "HCL-A082"]
[Site "www.playchess.de"]
[Date "2001.03.15"]
[Round "9"]
[White "paule"]
[Black "WYSIWYG"]
[WhiteElo "1960"]
[BlackElo "1800"]
[PlyCount "45"]
[Result "1-0"]

1.e4 c5 2.c3 Nc6 3.d4 d5 4.exd5 Qxd5 5.Nf3 Bg4 
6.Be2 Nf6 7.h3 Bh5 8.c4 Qd7 9.g4 Bg6 10.d5 Nb4 
11.Ne5 Qd6 12.Nxg6 hxg6 13.Qa4+ Qd7 {use your 
brain now}  14.Qxd7+ {Excuse, I have not 
understood, that you meant...}  Nxd7 15.Kd1 O-O-O 
16.a3 Na6 17.Nc3 Nc7 18.Bf4 e6 19.Kc2 {I think, 
dry position....}  exd5 20.Bxc7 Kxc7 21.Nxd5+ Kb8 
22.f4 Bd6 23.Raf1 1-0

[Event "HCL-B184"]
[Site "www.playchess.de"]
[Date "2001.03.15"]
[Round "4"]
[White "Bauernopfer"]
[Black "German04"]
[WhiteElo "1307"]
[BlackElo "1222"]
[PlyCount "59"]
[Result "1-0"]

1.e4 e5 2.Nf3 Nc6 3.Bb5 a6 4.Bxc6 dxc6 5.d3 Nf6 
6.Nxe5 Bd6 7.Nf3 Bc5 8.Bg5 h6 9.Bh4 g5 10.Bg3 Bg4 
11.h3 Bxf3 12.Qxf3 Qe7 13.O-O O-O-O 14.Nc3 Rhg8 
15.Rfe1 g4 16.Qf5+ Kb8 17.Bh4 Rg6 18.e5 gxh3 
19.Bxf6 Rxg2+ 20.Kh1 Qd7 21.Qxd7 Rxd7 22.Reg1 Rxf2 
23.Rac1 Bd4 24.Rg3 h2 25.Rh3 b5 26.Rxh2 Rf5 
27.Rxh6 Rf2 28.Rh7 b4 29.Ne4 Re2 
30.e6 1-0

[Event "HCL-B184"]
[Site "www.playchess.de"]
[Date "2001.03.15"]
[Round "8"]
[White "Gruhni"]
[Black "iq160"]
[WhiteElo "1320"]
[BlackElo "1349"]
[PlyCount "48"]
[Result "0-1"]

1.e4 e5 2.Nf3 {So, ich hab' mir einen bequemeren 
Stuhl besorgt ;)}  Nc6 {bin aufgestiegen, spiel 
jetzt in Class E. das wird jetzt erst mal 
gefeiert.}  3.Bb5 {Glückwunsch. Ich feiere auch 
demnächst zwei Gruppensiege in HCL-B und steige 
auf!}  Bc5 {Ich mach ein paar Tage Schachpause.  
So long}  4.d3 Nf6 5.Bg5 {Ok, bis dann!}  O-O 
6.Nc3 a6 7.Ba4 h6 8.Bh4 d6 9.Bb3 Na5 10.Bxf6 Qxf6 
11.Nd5 Qd8 12.d4 exd4 13.Nxd4 Re8 14.f3 c6 15.Nc3 
d5 16.Qd3 dxe4 17.fxe4 {Is ja gut, ich hab mal 
wieder genau den falschen Zug gemacht :(}  Bxd4 
18.O-O-O Qg5+ 19.Kb1 Nxb3 20.axb3 Bxc3 21.bxc3 
Qxg2 22.e5 Rxe5 23.Rhe1 Bf5 24.Qd2 Qxd2 
{genau...jetzt grad wieder nach DxDd2 verlierst Du 
noch nen Turm!}  0-1

[Event "HCL-B184"]
[Site "www.playchess.de"]
[Date "2001.03.15"]
[Round "31"]
[White "Yogibear"]
[Black "quant"]
[WhiteElo "1836"]
[BlackElo "1260"]
[PlyCount "67"]
[Result "1-0"]

1.c4 {Hello-greetings tu Turkey, have a lot of 
fun!}  e5 {guten tag,herr yogibear...you were 
lucky in previos game}  2.g3 {Yes I know, but now 
you will find a better way to win!}  Nf6 {you like 
English and Reti openings}  3.Nc3 {yes I do, you 
looked into my games?}  Bb4 {ye s i lookedup a 
bit}  4.Bg2 O-O 5.Qc2 Nc6 6.a3 Nd4 7.Qd1 Be7 8.e3 
Nc6 9.b4 d5 10.Nxd5 Nxd5 11.cxd5 Nb8 12.Bb2 Bd6 
13.Nf3 Qe7 14.O-O Bg4 15.d3 Nd7 16.h3 Bh5 17.Qd2 
f5 18.Rfc1 Nf6 19.Ng5 Rac8 20.Rc2 {sorry, but I 
think, my position is small better,later it could 
be draw,let`s see!Greetings!}  Kh8 21.Ne6 Rfe8 
22.e4 {hi, in april I go to Kusadasi for to weeks 
(holidays). Question: Do you have troubles with 
fritz6?}  fxe4 {yes i made a mouse mistake and he 
did not take care..i was winning...kusadasi is 
beautiful}  23.dxe4 {sometimes is hard to 
play,everybody want to win ratingpoints! I like 
Turkey,I saw Alanya+Bodrum yet!}  Bg6 {may be but 
it was a lost position for him..i would make Rd2! 
and i win instead of Rd1??and he did no}  24.f3 
{so he had good luck.Next time I will take a look 
at your chess-game with him! Greetings!}  Qf7 
25.Rac1 {I looked at your game.Horrible, but I 
think it is possible for you to win.}  Qe7 {no ýt 
ýs lost  ý cannot wýn ý wýll forget on týme}  
26.Qg5 Nxd5 27.exd5 Bxc2 28.Rxc2 c6 29.f4 Qxg5 
30.Nxg5 Kg8 31.dxc6 bxc6 32.Rxc6 Rxc6 33.Bxc6 Re7 
34.Bd5+ 1-0

[Event "HCL-A081"]
[Site "www.playchess.de"]
[Date "2001.03.15"]
[Round "23"]
[White "gelus"]
[Black "paule"]
[WhiteElo "1892"]
[BlackElo "1960"]
[PlyCount "73"]
[Result "1/2-1/2"]

1.d4 c5 2.Nf3 Nf6 3.c4 cxd4 4.Nxd4 e6 5.Nc3 Bb4 
6.Bd2 Nc6 7.e3 O-O 8.Be2 d5 9.cxd5 Nxd4 10.exd4 
exd5 11.O-O Re8 12.Bd3 Qb6 13.Qb3 Ba5 14.Bg5 Qxd4 
15.Qb5 Be6 16.Bxf6 gxf6 17.Rfd1 Qb4 18.Nxd5 Bxd5 
19.Qxd5 Re5 20.Qf3 Rae8 21.Qxf6 Bb6 22.b3 R8e6 
23.Qf3 Qh4 24.g3 Qf6 25.Qg2 Rd6 26.Rac1 Kf8 27.Bc4 
Rf5 28.Rxd6 Qxd6 29.Rf1 Qd2 30.a4 Kg7 31.g4 Rf4 
32.Qg3 Bc5 33.h3 Bd4 34.Kg2 Rf6 35.Kg1 a5 36.Kg2 
b6 37.Kg1 1/2-1/2

[Event "HCL-X002"]
[Site "www.playchess.de"]
[Date "2001.03.15"]
[Round "3"]
[White "NoHa"]
[Black "Haubin"]
[WhiteElo "2600"]
[BlackElo "2600"]
[PlyCount "65"]
[Result "1/2-1/2"]

1.d4 f5 2.c4 e6 3.Nc3 Bb4 4.Qc2 Nf6 5.e3 O-O 6.Bd3 
b6 7.f3 Bb7 8.a3 Bxc3+ 9.Qxc3 Nh5 10.Nh3 Qh4+ 
11.Nf2 d6 12.O-O Nd7 13.e4 e5 14.dxe5 Nxe5 15.Bc2 
Rae8 16.exf5 Nxf3+ 17.gxf3 Ng3 18.Bd1 Nxf1 19.Kxf1 
Rxf5 20.b3 Qxh2 21.Ra2 Qg3 22.Re2 Rxe2 23.Bxe2 
Bxf3 24.Bxf3 Rxf3 25.Qd2 Qh3+ 26.Ke2 Qf5 27.Qd4 c5 
28.Qd5+ Qxd5 29.cxd5 Rf5 30.Ne4 Rxd5 31.Bf4 Kf7 
32.Bxd6 Ke6 33.Bb8 1/2-1/2

[Event "ACL-A098"]
[Site "www.playchess.de"]
[Date "2001.03.15"]
[Round "14"]
[White "Trafalmadore"]
[Black "Qaurial"]
[WhiteElo "1500"]
[BlackElo "1500"]
[PlyCount "48"]
[Result "0-1"]

1.d4 Nf6 2.c4 c5 3.d5 b5 4.cxb5 a6 5.bxa6 g6 6.Nf3 
Bxa6 7.Nc3 d6 8.e4 Bxf1 9.Rxf1 Bg7 10.Qb3 O-O 
11.Bg5 Nbd7 12.O-O-O Qa5 13.Kb1 Rfb8 14.Nd2 
{Retrospectively, it appears that 13. Kb1 deserves 
a "??"... :)}  Rxb3 {No, 0-0-0 Deserves a ?? 
because your Queensite is weakened, and RxBf1 
wasn't the best, KxBf1 is Book}  15.Nxb3 {000 was 
wrong, ok, but with 13. Qc2 I would have kept 
afloat IMHO...}  Qa6 16.Nc1 h6 17.Bd2 Nb6 18.f3 
Nc4 19.Kc2 Nd7 20.b3 Na3+ 21.Kb2 c4 22.f4 cxb3 
23.axb3 Nc5 24.Rf3 {One foot in the grave, the 
other sliding towards it...}  Rb8 0-1

[Event "HCL-B190"]
[Site "www.playchess.de"]
[Date "2001.03.15"]
[Round "30"]
[White "reboot"]
[Black "sundfar"]
[WhiteElo "1200"]
[BlackElo "1200"]
[PlyCount "59"]
[Result "0-1"]

1.d4 Nf6 2.Nc3 g6 3.e4 d6 4.Bg5 Nbd7 5.Bb5 c6 
6.Ba4 b5 {hi Farris, this is my first visit to 
this server, nice page, are you too new here?}  
7.Bb3 Bg7 8.h3 O-O 9.Nf3 Bb7 {My last move today}  
10.O-O b4 11.Ne2 Nxe4 12.Qd3 d5 13.c4 bxc3 14.e.p 
bxc3 15.a5 c4 16.Ba6 Rfe1 17.a4 Bxa4 18.Bxc4 Qa3 
19.Re8 Qb4 20.Nb6 Bxc6 21.Nd7 Bxa8 22.Qxa8 Qxe7 
23.Rxe7 Bxe7 24.Bxe2 Rxe2 25.h5 Rb1 26.Kh7 Rb5 
27.Nc3 Rxd5 28.Nxe2+ Kf1 29.Qxd5 Kxe2 {This is not 
going your way, I'm afraid.}  30.Qe4+ 0-1

[Event "HCL-A085"]
[Site "www.playchess.de"]
[Date "2001.03.15"]
[Round "2"]
[White "Gruhni"]
[Black "Tarrega"]
[WhiteElo "1323"]
[BlackElo "1700"]
[PlyCount "54"]
[Result "0-1"]

1.e4 {Hello from Frankfurt in Germany!}  c5 {Good 
Luck}  2.Nf3 {Good luck to you, too!}  e6 3.c3 d5 
4.Bb5+ Bd7 5.Bxd7+ Nxd7 6.e5 Ne7 7.d4 Qb6 8.O-O 
cxd4 9.cxd4 Ng6 10.Nc3 Be7 11.a3 a5 12.Rb1 Rc8 
13.Be3 O-O 14.Qd2 f6 15.Rbc1 Qa6 16.Ne2 fxe5 
17.dxe5 Ngxe5 18.Nxe5 Nxe5 19.Bd4 Rxc1 20.Rxc1 Bf6 
21.Bxe5 Bxe5 22.Qe3 Bxb2 23.Rc2 Bf6 24.Nf4 d4 
25.Qxe6+ Qxe6 26.Nxe6 Re8 27.Re2 
d3 0-1

[Event "HCL-C188"]
[Site "www.playchess.de"]
[Date "2001.03.15"]
[Round "9"]
[White "ionutz"]
[Black "Niloc"]
[WhiteElo "1000"]
[BlackElo "1000"]
[PlyCount "41"]
[Result "1-0"]

1.e4 {Salve!}  e5 2.Nf3 {hello!}  Nc6 3.Bc4 Nf6 
4.d3 d6 5.h3 Be7 6.c3 O-O 7.Bb3 Bd7 8.Nbd2 Na5 
9.Bc2 c6 10.b4 b5 11.bxa5 {'got your 'horse'..:)}  
Qxa5 12.Bb2 Be6 13.O-O Nh5 14.Nxe5 dxe5 15.Qxh5 
Qc7 16.d4 exd4 17.cxd4 Qa5 18.Nb3 Qb4 19.d5 cxd5 
20.exd5 Bd7 21.Qxh7+ 1-0

[Event "HCL-B189"]
[Site "www.playchess.de"]
[Date "2001.03.15"]
[Round "7"]
[White "eugeniosimon"]
[Black "assmonkey"]
[WhiteElo "1200"]
[BlackElo "1048"]
[PlyCount "24"]
[Result "0-1"]

1.e4 e5 {Buena suerte}  2.Nf3 Nc6 3.Bb5 a6 4.Bxc6 
dxc6 5.Nc3 Nf6 6.Nxe5 Bd6 7.Nf3 O-O 8.e5 Bxe5 
9.Nxe5 Re8 10.d4 Bf5 11.O-O c5 12.Bf4 
cxd4 0-1

[Event "HCL-A088"]
[Site "www.playchess.de"]
[Date "2001.03.15"]
[Round "6"]
[White "Dead_Pay"]
[Black "Kaotic"]
[WhiteElo "1700"]
[BlackElo "1600"]
[PlyCount "22"]
[Result "0-1"]

1.Nf3 {hello.}  d5 {Hello.}  2.e3 Nf6 3.d4 {Keep 
it real kid}  Nc6 {This is as real as it gets.}  
4.Bd3 {yeah....right....}  Bg4 {Do you know why 
they call me Kaotic?}  5.h3 {cUz you a fucking 
idiot??}  Bxf3 {Um..No. They call me that because 
I have a habit of causig my pieces to destroy 
EVERYTHING there.}  6.Qxf3 {not true.I am insane 
and my pieces are like a thundeR!}  e5 {Sorry to 
do this but there is only winner in this 
game...ME!!!}  7.Bb5 {we all have our 
fantasies...}  e4 {People say that I play like 
Alexander Alekhine. Is that good?}  8.Qg3 {I think 
that you eint even got an elo rating.-}  Bd6 
{Actually, I do. It is 1714. I'd like to know if 
you actually have one. I bet not.}  9.f4 {2211 and 
seems like you dont play like alekhine...but you 
play ok for a kid}  exf3 {Well, your preety good. 
If that pawn wasn't moved i had calculated that 
your queen was gone.}  10.Qxf3 {who gives a shit?? 
I dont...}  g6 {Lets end this now. We will 
probably end in a draw anyway. Its for our 
advantage.}  11.O-O {no draw i want to see you 
play no matter if i lose because i lose or 
win....maybe lose this time....}  Be7 {Ok, your 
game, your choice.}  0-1

[Event "HCL-C193"]
[Site "www.playchess.de"]
[Date "2001.03.15"]
[Round "8"]
[White "Coney"]
[Black "guerino"]
[WhiteElo "1030"]
[BlackElo "974"]
[PlyCount "40"]
[Result "0-1"]

1.e4 c5 2.Nf3 d6 3.d4 cxd4 4.Nxd4 Nf6 5.Nc3 g6 
6.Bc4 Bg7 7.h3 O-O 8.O-O a6 9.Bb3 Nc6 10.Be3 Bd7 
11.Re1 Rc8 12.Nd5 Nxd5 13.exd5 Na5 14.c3 b5 15.a4 
Nxb3 16.Qxb3 bxa4 17.Qc2 Qc7 18.Qd3 Rca8 19.b3 
axb3 20.Nxb3 Qxc3 0-1

[Event "HCL-B198"]
[Site "www.playchess.de"]
[Date "2001.03.15"]
[Round "2"]
[White "hassell"]
[Black "damage_kase"]
[WhiteElo "1500"]
[BlackElo "1350"]
[PlyCount "43"]
[Result "1-0"]

1.e4 {Hi from the UK}  e6 {Hi,from the U.S.A.}  
2.d4 d5 3.Nc3 dxe4 4.Nxe4 Be7 5.Nf3 Nf6 6.Bd3 O-O 
7.Nxf6+ Bxf6 8.c3 Nd7 9.Be3 c5 10.dxc5 b6 11.Be4 
Rb8 12.c6 Nc5 13.Qxd8 Bxd8 14.Bf4 Nxe4 15.Bxb8 Ba6 
16.Rd1 Be7 17.Bxa7 Bc5 18.Nd4 Ra8 19.b4 Bxb4 
20.cxb4 Rxa7 21.Nb5 Ra8 22.Nc7 1-0

[Event "ACL-A105"]
[Site "www.playchess.de"]
[Date "2001.03.15"]
[Round "19"]
[White "dakini"]
[Black "Kbeza2"]
[WhiteElo "1608"]
[BlackElo "1500"]
[PlyCount "47"]
[Result "1-0"]

1.d4 d5 {Hola!!!}  2.Bf4 {Hallo! Auf ein schönes 
Spiel ...}  e6 {do you speak english?}  3.e3 {Yes 
I do ! What do you do in Argentina?}  Nf6 {what do 
you mean?}  4.Bd3 {your profession}  c5 
{dentistry}  5.Nf3 {So we both practise dentistry! 
Fine!}  c4 {Really? I can`t believe it... Age?}  
6.Be2 {I am 40 years old and have my praxis for 
about 12 years now. And you?}  Nc6 {I`m 22, I`m 
studying in fourth year}  7.O-O {Fine! The 
clinical part is much more interesting! Do you 
triathlon as sports as well? ;-)}  Be7 {I hope 
so!!!}  8.b3 {What means "I hope so..." Do you 
also do triathlon? You need almost an equivalent 
for your work!}  b5 {Oh,no!! I lpay football (ARG) 
and paddle}  9.a4 {Right so! What about your 
examinas?}  bxa4 {Oh, they are really good...}  
10.bxc4 {Your favorite discipline?    ??}  dxc4 
{chess, off course and football and paddle}  
11.Bxc4 {I mean in dentistry! My favor. sports are 
volleyball, cycling and swimming}  Nd5 12.Bxd5 
Qxd5 {sorry, orthodoncy}  13.Rxa4 {A good choice! 
A long way ...}  O-O {but the best... and you?}  
14.c4 {I have a small landpraxis. You need to do 
the whole palette. Esp. Endodontics and children. 
Endo a s}  Qd7 15.Nc3 Bb7 {I heat children}  16.c5 
{They want all your energy ... but it´s a good 
mirror for your way of treatment!}  a5 17.Qb3 Nb4 
18.Ne5 Qd8 19.Rfa1 {You hate children and do 
orthodontics?}  Bf6 {for endodoncia}  20.Nc4 {I 
pratice a method without needles and without form- 
or glutaraldhyd - ther´s no focus and reg. exfo}  
Nd5 {how?}  21.Nxa5 {It´s a method with a mixture 
from ca(OH)2 and CuCa(OH)2. I want to win this 
game here, no draw ;-)}  Bc8 {What´s your email? 
for talk more}  22.Bd6 {I´ll send it over "Contact 
me"}  Re8 {What`s your EMAIL? Just for talk}  
23.Nxd5 {You got my Emailadress?}  exd5 {no, but I 
want it}  24.Qxd5 {thomasbachmann@freenet.de} 
 1-0

[Event "HCL-B200"]
[Site "www.playchess.de"]
[Date "2001.03.15"]
[Round "5"]
[White "ademarmr"]
[Black "Translightor"]
[WhiteElo "1500"]
[BlackElo "1435"]
[PlyCount "99"]
[Result "1-0"]

1.d4 {hello! Good Luck}  d5 {Thanks! Good luck to 
you too!}  2.c4 e6 3.Nc3 Nf6 4.e3 Be7 5.Nf3 O-O 
6.Bd3 dxc4 7.Bxc4 Nbd7 8.e4 Nb6 9.Bd3 c5 10.e5 
{WHERE DO YOU LIVE IN GERMANY?}  Nfd5 {In 
Hannover. That's were the Expo 2000 was.}  11.a3 
{My wife parents were germany ( they died), they 
lived in Brazil since 1948!}  f6 {Many Germans 
(and other European) emigrated to the American 
countries.}  12.dxc5 Bxc5 13.Ne4 Be7 14.exf6 Nxf6 
15.Qc2 h6 16.O-O Bd7 17.Ne5 Rc8 18.Qe2 Nxe4 
19.Qxe4 Rf5 20.g4 Rxe5 21.Qxe5 Bf6 22.Qe4 Qc7 
23.Rb1 Kf7 24.Bf4 Qc6 25.Rfc1 Qxe4 26.Bxe4 Rxc1+ 
27.Bxc1 Nd5 28.f4 Bd4+ 29.Kg2 Bc6 30.Kf3 Ke7 
31.Bd2 Kd6 32.b3 a6 33.a4 Kd7 34.Rd1 Bc5 35.Bc3 
Bf8 36.Be5 Kc8 37.Rc1 Kd7 38.h4 Ke8 39.Kg3 Kd7 
40.Rd1 Kc8 41.Rf1 Ne3 42.Rc1 Nd5 43.Bxd5 exd5 
44.f5 Kd7 45.Re1 Kc8 46.Kf4 Kd7 47.h5 Kc8 48.g5 
hxg5+ 49.Kxg5 Be8 50.Bxg7 1-0